Random words in Estonian - Statistics

General Stats
  • This quiz has been taken 82 times
  • The average score is 13 of 21
Answer Stats
Estonian English % Correct
auto car
94%
tere hello
92%
riis rice
83%
sinine blue
80%
vesi water
78%
kala fish
75%
laul song
75%
kana chicken
72%
kass cat
69%
maasikas strawberry
65%
suhkur sugar
63%
mees man
60%
küsimus question
60%
palun please
55%
kool school
52%
kahvel fork
48%
sõna word
48%
ilus beautiful
45%
pliiats pencil
40%
pood shop
37%
mull bubble
31%
No matching quizzes found
Score Distribution
Percent of People with Each Score
Percentile by Number Answered
Your Score History
You have not taken this quiz